MARC

LEADER 00000nam0a2200000 4500
001 314274
005 20231102002648.0
035 |a (RuTPU)RU\TPU\book\339685 
090 |a 314274 
100 |a 20160211d1982 k y0rusy50 ca 
101 0 |a rus 
102 |a UA 
105 |a a z 001zy 
200 1 |a Электрические устройства и аппаратура электрогидроимпульсных установок  |e сборник научных трудов  |f Академия наук Украинской ССР, Проектно-конструкторское бюро электрогидравлики ; отв. ред. Г. А. Гулый 
210 |a Киев  |c Наукова думка  |d 1982 
215 |a 148 с.  |c ил. 
320 |a Библиогр. в конце ст. 
606 1 |a Электроимпульсная обработка металлов  |2 stltpush  |3 (RuTPU)RU\TPU\subj\20094  |9 45235 
610 1 |a электрическая аппаратура 
610 1 |a электрические устройства 
610 1 |a гидроимпульсные установки 
610 1 |a высоковольтная аппаратура 
610 1 |a источники питания 
610 1 |a накопители 
610 1 |a защитные схемы 
610 1 |a разрядные цепи 
610 1 |a магнитные поля 
610 1 |a электрические поля 
610 1 |a импульсные разряды 
610 1 |a автоматическое регулирование 
675 |a 621.7.044  |v 4 
702 1 |a Гулый  |b Г. А.  |4 340 
712 0 2 |a Академия наук Украинской ССР  |b Проектно-конструкторское бюро электрогидравлики  |2 stltpush  |3 (RuTPU)RU\TPU\col\12258  |9 25364 
801 1 |a RU  |b 63413507  |c 20160211 
801 2 |a RU  |b 63413507  |c 20200120  |g RCR 
942 |c BK